| 000 | 00848nam a2200253 a 4500 | ||
|---|---|---|---|
| 005 | 20220526112023.0 | ||
| 008 | 991125s1989 mx 000 0 spa u | ||
| 020 | _a9681632400 | ||
| 035 | _aUPN01000042657 | ||
| 040 |
_aMX-MxUPN _bspa _cMX-MxUPN |
||
| 050 | 4 |
_aQ111 _bC5 no. 85 |
|
| 100 | 1 |
_aMalacara H., Daniel _eautor |
|
| 245 | 1 | 0 |
_aÓptica tradicional y moderna / _cDaniel Malacara. |
| 250 | _aPrimera edición | ||
| 260 |
_aMéxico : _bSecretaría de Educación Pública : _bFondo de Cultura Económica : _bConsejo Nacional de Ciencia y Tecnología, _c1989. |
||
| 300 |
_a126 páginas : _bilustraciones |
||
| 490 |
_aLa Ciencia desde México ; _v84 |
||
| 650 | 2 |
_aÓptica _919176 |
|
| 902 | _aTEODORO GONZALEZ GARCIA | ||
| 902 | _aDMCV DORA MARIA CORTES VILLEGAS | ||
| 904 |
_aAC _b042659 |
||
| 905 | _aLibro | ||
| 942 |
_2lcc _cLIBRO |
||
| 999 |
_c42657 _d42657 |
||